| 000 | 00701cam a22002293a 4500 | ||
|---|---|---|---|
| 001 | 25729 | ||
| 003 | PGUSA | ||
| 005 | 20140828083543.0 | ||
| 008 | 080608s2008||||xxu|||||s|||||000 | eng d | ||
| 040 |
_aPGUSA _beng |
||
| 042 | _adc | ||
| 050 | 4 | _aDS | |
| 100 | 1 |
_aMay, Karl, _d1842-1912 |
|
| 245 | 1 | 0 |
_aTravel Tales in the Promised Land (Palestine) _h[electronic resource] / _cKarl May |
| 260 |
_bProject Gutenberg, _c2008 |
||
| 506 | _aCopyrighted. Read the copyright notice inside this book for details. | ||
| 516 | _aElectronic text | ||
| 653 | _aMiddle East -- Description and travel | ||
| 830 | 0 |
_aProject Gutenberg _v25729 |
|
| 856 | 4 | 0 | _uhttp://www.gutenberg.org/ebooks/25729 |
| 942 | _cEB | ||
| 999 |
_c254984 _d254984 |
||